000 00713nam a2200253Ia 4500
003 OSt
005 20220918164518.0
006 a|||||r|||| 00| 0
007 ta
008 220917b |||||||| |||| 00| 0 eng d
020 _a064966720
024 _a20,107
037 _cTextual
040 _aARTS
_cARTS
_beng
041 _2eng
_aeng
082 _aO111,3:gN, L3
100 _aSwinden Patrick
_919261
245 0 _aUnofficial selves
_b Character in the novel from Dickens to the present day
260 _aN York
_bBarness and Noble USA
_c1973
300 _a271p.
_ccm.
650 _aENGLISH LITERATURE
942 _hO111,3:gN, L3
_cTEXL
_2CC
999 _c125126
_d125126